Hồ Dzếnh và tác phẩm chọn lọc /

Guardado en:
Detalles Bibliográficos
Autor principal: Trương Chính.
Formato: Artículo
Lenguaje:Vietnamese
Materias:
Etiquetas: Agregar Etiqueta
Sin Etiquetas, Sea el primero en etiquetar este registro!
Thư viện lưu trữ: Thư viện Trường Đại học Đà Lạt
LEADER 00740nam a2200265 4500
001 DLU090067801
005 ##20090409
040 # # |a DLU  |b vie 
041 # # |a vie 
044 # # |a vn 
100 # # |a Trương Chính. 
245 # # |a Hồ Dzếnh và tác phẩm chọn lọc /  |c Trương Chính 
653 # # |a Lý luân văn học 
653 # # |a Nhà văn 
653 # # |a Văn học hiện đại 
773 # # |t Tạp chí văn học  |g Số 1(235),1989, tr. 95-98 
920 # # |a Phòng Tạp chí -- Trung tâm Thông tin - Thư viện Trường Đại học Đà Lạt 
994 # # |a DLU 
900 # # |a True 
911 # # |a Nguyễn Thị Linh Chi 
925 # # |a G 
926 # # |a A 
927 # # |a BB 
980 # # |a Thư viện Trường Đại học Đà Lạt